LDR 00560naa#a2200169#i#450# 001 EN\\bibl\124878 005 20260604023015.4 011 ## _a2221-3260 100 ## _a20260331b2026####ek#y0engy0150####ca 102 ## _aRU 200 1# _aInstitutions for the development of modern human-machine socio-economic system _eJournal article 210 1# _aYaroslavl _cYaroslavl State Technical University _d2026 215 ## _a15 с. 608 ## _aJournal article _2local 700 #1 _aApatova _gNatalia Vladimirovna 700 #1 _aOnischenko _gSergey Konstantinovich 856 4# _atheoreticaleconomy.ru _u